[Event "World Senior Teams +50"]
[Site "Radebeul GER"]
[Date "2016.06.28"]
[Round "3.10"]
[Board "4"]
[White "Obran, Harald"]
[Black "Gattermayer, Robert"]
[Result "1/2-1/2"]
[WhiteElo "2015"]
[BlackElo "2003"]
[WhiteTeam "Oberoesterreich"]
[BlackTeam "Austria"]
[WhiteFideId "1605836"]
[BlackFideId "1602870"]
[EventDate "2016.06.26"]

1. d4 Nf6 2. c4 e6 3. Nf3 b6 4. Nc3 Bb4 5. Bg5 h6 6. Bxf6 Qxf6 7. Qb3 a5 8. a3
Be7 9. g3 Bb7 10. Bg2 O-O 11. O-O d6 12. Qc2 Nd7 13. Rfd1 Rab8 14. h3 Rfe8 15.
Nh2 Bxg2 16. Kxg2 h5 17. Nf3 Nf8 18. Nb5 Rb7 19. Qe4 Reb8 20. Qc6 Bd8 21. b4
axb4 22. axb4 g5 23. Ra3 Ng6 24. Rda1 g4 25. hxg4 hxg4 26. Nh2 Qg5 27. Ra8 1/2-1/2

[Event "World Senior Teams +50"]
[Site "Radebeul GER"]
[Date "2016.06.28"]
[Round "3.11"]
[Board "1"]
[White "Erneste, Inguna"]
[Black "Kyas, Juergen"]
[Result "1/2-1/2"]
[WhiteTitle "WGM"]
[WhiteElo "2149"]
[BlackElo "2190"]
[WhiteTeam "Latvia Women"]
[BlackTeam "SV Eiche Reichenbrand"]
[WhiteFideId "11600241"]
[BlackFideId "4618157"]
[EventDate "2016.06.26"]

1. e4 c5 2. Nf3 Nc6 3. d4 cxd4 4. Nxd4 g6 5. Bc4 Bg7 6. Nxc6 bxc6 7. O-O d6 8.
Nc3 Qc7 9. f4 Nf6 10. Qe1 O-O 11. h3 e6 12. Rb1 Rb8 13. b3 d5 14. Bd3 dxe4 15.
Nxe4 Nxe4 16. Bxe4 c5 17. Be3 Bb7 18. Bxb7 Rxb7 19. Qf2 c4 20. Bd4 Bxd4 21. Qxd4
cxb3 22. cxb3 Rd8 1/2-1/2

[Event "World Senior Teams +50"]
[Site "Radebeul GER"]
[Date "2016.06.28"]
[Round "3.11"]
[Board "3"]
[White "Ungure, Liga"]
[Black "Doering, Hans-Ulrich"]
[Result "0-1"]
[WhiteTitle "WFM"]
[WhiteElo "1950"]
[BlackElo "2131"]
[WhiteTeam "Latvia Women"]
[BlackTeam "SV Eiche Reichenbrand"]
[WhiteFideId "11600330"]
[BlackFideId "24642495"]
[EventDate "2016.06.26"]

1. e4 c5 2. Nf3 e6 3. d3 Nc6 4. g3 g6 5. Bg2 Bg7 6. O-O Nge7 7. Nc3 d5 8. Qe2
O-O 9. Re1 Nd4 10. Nxd4 cxd4 11. Nd1 dxe4 12. dxe4 Qc7 13. Bf1 Bd7 14. Qc4 Bc6
15. Bd2 Rfd8 16. Bd3 Nc8 17. a4 Nd6 18. Qc5 b6 19. Qg5 a5 20. f4 h6 21. Qh4 f5
22. exf5 exf5 23. Nf2 Re8 24. b3 Ne4 25. Re2 Kh7 26. Rf1 Bb7 27. Qh3 Re7 28. Bc1
Nc3 29. Rxe7 Qxe7 30. g4 Ne2+ 31. Bxe2 Qxe2 32. gxf5 Qxc2 33. fxg6+ Qxg6+ 34.
Qg4 Qc6 35. Rd1 Bf6 36. Qf5+ Kh8 37. Ne4 Rg8+ 38. Kf1 Ba6+ 39. Kf2 Qc2+ 40. Rd2
Bh4+ 41. Kf3 Qxb3+ 0-1

[Event "World Senior Teams +50"]
[Site "Radebeul GER"]
[Date "2016.06.28"]
[Round "3.11"]
[Board "4"]
[White "Koetzsch, Ulrich"]
[Black "Priedite, Ingrida"]
[Result "0-1"]
[BlackTitle "WFM"]
[WhiteElo "2106"]
[BlackElo "2067"]
[WhiteTeam "SV Eiche Reichenbrand"]
[BlackTeam "Latvia Women"]
[WhiteFideId "4689771"]
[BlackFideId "11600217"]
[EventDate "2016.06.26"]

1. d4 Nf6 2. Nf3 e6 3. Nbd2 c5 4. e3 b6 5. Bd3 Bb7 6. O-O Be7 7. c3 O-O 8. Qe2
d5 9. Ne5 Nbd7 10. f4 Ne4 11. Bb5 Ndf6 12. g4 Nxd2 13. Bxd2 Ne4 14. f5 a6 15.
Bd3 Bf6 16. Be1 exf5 17. gxf5 Bxe5 18. Bxe4 Bxh2+ 19. Qxh2 dxe4 20. f6 Qd5 21.
Qg2 g5 22. Bg3 cxd4 23. cxd4 Kh8 24. Be5 Rg8 25. b3 Bc8 26. Rac1 Be6 27. Bc7
Rac8 28. Bxb6 Rxc1 29. Rxc1 g4 30. Rc5 Qb7 31. Bc7 Rg6 32. Bf4 Kg8 33. d5 Qb4
34. Rc4 Qe1+ 35. Qf1 Qxf1+ 36. Kxf1 Bf5 37. Rb4 h5 38. Rb6 g3 39. d6 h4 40. Rb8+
Kh7 41. Rf8 Rxf6 42. Kg2 Be6 43. Kg1 Rf5 44. Rd8 Rd5 45. Bxg3 hxg3 46. Kg2 Kg6
47. Kxg3 Kf5 0-1

[Event "World Senior Teams +50"]
[Site "Radebeul GER"]
[Date "2016.06.28"]
[Round "3.12"]
[Board "1"]
[White "Gregor, George"]
[Black "Weichelt, Jens"]
[Result "1/2-1/2"]
[WhiteElo "2226"]
[BlackElo "2073"]
[WhiteTeam "Sachsen-Anhalt"]
[BlackTeam "Schachklub Heidenau"]
[WhiteFideId "4640330"]
[BlackFideId "4637771"]
[EventDate "2016.06.26"]

1. Nf3 Nf6 2. c4 g6 3. g3 Bg7 4. Bg2 O-O 5. Nc3 c6 6. d4 d6 7. O-O Nbd7 8. b3
Re8 9. Bb2 Nf8 10. e4 N6d7 11. Qd2 e5 12. d5 c5 13. Nb5 Nf6 14. Qe2 Nh5 15. Nd2
f5 16. exf5 Bxf5 17. Ne4 Bxe4 18. Bxe4 Bf6 19. Qc2 a6 20. Nc3 Rc8 21. Bg2 Ng7
22. Bh3 Rc7 23. Ne4 Rf7 24. Nxf6+ Rxf6 25. f4 Nd7 26. Bxd7 Qxd7 27. fxe5 Rxf1+
28. Rxf1 dxe5 29. Qf2 Qe7 30. Bxe5 Nf5 31. Bc3 Qg5 32. Qf4 Qxf4 33. Rxf4 Re3 34.
Ba5 Nd6 35. Bc7 Nc8 36. Kf2 Re7 37. Bb8 b5 38. Rf6 Rf7 39. Rxf7 Kxf7 40. cxb5
axb5 41. a4 c4 42. bxc4 bxa4 43. Ke3 a3 44. c5 Ne7 45. Ke4 Nf5 46. Be5 Ke7 47.
g4 Nh6 48. h3 Nf7 49. Bc3 Ng5+ 50. Kd4 a2 51. Kc4 Nxh3 52. Kb3 Nf2 53. Kxa2 Nxg4
54. c6 Kd6 55. Bb4+ Kc7 56. Ba5+ Kd6 57. Bb4+ Kc7 58. Ba5+ 1/2-1/2

[Event "World Senior Teams +50"]
[Site "Radebeul GER"]
[Date "2016.06.28"]
[Round "3.12"]
[Board "2"]
[White "Fahland, Matthias"]
[Black "Dietze, Frank"]
[Result "1/2-1/2"]
[WhiteElo "2105"]
[BlackElo "2135"]
[WhiteTeam "Schachklub Heidenau"]
[BlackTeam "Sachsen-Anhalt"]
[WhiteFideId "4698380"]
[BlackFideId "4680979"]
[EventDate "2016.06.26"]

1. e4 c5 2. Nf3 Nc6 3. d4 cxd4 4. Nxd4 g6 5. Nc3 Bg7 6. Be3 Nf6 7. Bc4 O-O 8. f3
Qb6 9. Qd2 Nxe4 10. fxe4 Bxd4 11. Bxd4 Qxd4 12. Qxd4 Nxd4 13. O-O-O Nc6 14. Nd5
Kg7 15. Rhf1 d6 16. Bb5 Bg4 17. Rd2 Rae8 18. a3 Bd7 19. b3 Rc8 20. Nxe7 Rce8 21.
Nxc6 bxc6 22. Bc4 Rxe4 23. Rxd6 Re7 24. b4 f5 25. g3 Rf6 26. Rfd1 Be8 27. Kb2
Bf7 28. Rxf6 Kxf6 29. Rd6+ Ke5 30. Rxc6 Bxc4 31. Rxc4 g5 32. Kc3 Rd7 33. a4 h6
34. b5 f4 35. gxf4+ gxf4 36. Rc8 f3 37. Rf8 Ke4 38. a5 Ke3 39. b6 axb6 40. axb6
Rb7 41. Rf6 f2 42. Re6+ Kf3 43. Rf6+ Kg2 44. Rg6+ 1/2-1/2

[Event "World Senior Teams +50"]
[Site "Radebeul GER"]
[Date "2016.06.28"]
[Round "3.12"]
[Board "3"]
[White "Katz, Roland"]
[Black "Wurmb, Peter"]
[Result "1-0"]
[WhiteElo "2057"]
[BlackElo "1993"]
[WhiteTeam "Sachsen-Anhalt"]
[BlackTeam "Schachklub Heidenau"]
[WhiteFideId "4623916"]
[BlackFideId "16203305"]
[EventDate "2016.06.26"]

1. e4 c5 2. f4 e6 3. Nf3 Nc6 4. Nc3 g6 5. g3 Bg7 6. Bg2 Nge7 7. O-O O-O 8. d3 a6
9. Ne2 d5 10. e5 f6 11. exf6 Bxf6 12. c3 Qb6 13. Re1 Bd7 14. h3 d4 15. c4 Nf5
16. g4 Nh4 17. Nxh4 Bxh4 18. Rf1 e5 19. Bd2 Rae8 20. Kh2 Bf6 21. f5 gxf5 22.
gxf5 Qc7 23. Be4 Re7 24. Ng3 Be8 25. Nh5 Bxh5 26. Qxh5 Kh8 27. Rg1 Ree8 28. Rg6
Ne7 29. Rxf6 Rg8 30. Rf7 1-0

[Event "World Senior Teams +50"]
[Site "Radebeul GER"]
[Date "2016.06.28"]
[Round "3.12"]
[Board "4"]
[White "Roser, Ludwig"]
[Black "Domaske, Andreas"]
[Result "1/2-1/2"]
[WhiteElo "1799"]
[BlackElo "1946"]
[WhiteTeam "Schachklub Heidenau"]
[BlackTeam "Sachsen-Anhalt"]
[WhiteFideId "12928119"]
[BlackFideId "24666319"]
[EventDate "2016.06.26"]

1. d4 Nf6 2. Nf3 g6 3. Nbd2 c5 4. c3 cxd4 5. cxd4 d5 6. e3 Bg7 7. Bd3 O-O 8. h3
Nc6 9. O-O Re8 10. b3 e5 11. dxe5 Nd7 12. Nd4 Ndxe5 13. Be2 Nxd4 14. exd4 Nc6
15. Nf3 Bf5 16. Bb2 Qd7 17. Qd2 1/2-1/2

[Event "World Senior Teams +50"]
[Site "Radebeul GER"]
[Date "2016.06.28"]
[Round "3.13"]
[Board "1"]
[White "Bauer, Burkhard"]
[Black "Gempe, Thomas"]
[Result "1/2-1/2"]
[BlackTitle "FM"]
[WhiteElo "2056"]
[BlackElo "2206"]
[WhiteTeam "SV Aufbau Bernburg"]
[BlackTeam "Schachfreunde Leipzig 50+"]
[WhiteFideId "24664553"]
[BlackFideId "4615638"]
[EventDate "2016.06.26"]

1. d4 Nf6 2. Bf4 g6 3. e3 Bg7 4. Nf3 O-O 5. Be2 d6 6. h3 c5 7. c3 b6 8. O-O Ba6
9. Nbd2 Bxe2 10. Qxe2 Nc6 11. Rfd1 Qc7 12. Bh2 Qb7 13. a3 a5 14. a4 Rfe8 15. Qb5
Na7 16. Qb3 Rab8 17. Ng5 Rf8 18. Ngf3 h6 19. Nc4 Ne4 20. Nfd2 Nxd2 21. Rxd2 cxd4
22. exd4 Qd5 23. Qa2 Rfc8 24. Ne3 Qxa2 25. Rxa2 Nc6 26. Re2 Kf8 27. Ra1 b5 28.
axb5 Rxb5 29. Nd1 e5 30. dxe5 dxe5 31. Kf1 f5 32. f3 Rd8 33. Bg1 Kf7 34. Ke1 Bf6
35. Rd2 Ke6 36. Ra4 Bg5 37. Rxd8 Bxd8 38. Be3 h5 39. Bc1 Bb6 40. Ke2 f4 41. Rc4
Ne7 42. Re4 Nf5 43. Kd3 Rd5+ 44. Kc2 Ng3 45. Rc4 1/2-1/2

[Event "World Senior Teams +50"]
[Site "Radebeul GER"]
[Date "2016.06.28"]
[Round "3.13"]
[Board "2"]
[White "Pruefer, Friedbert"]
[Black "Schmidt, Joerg"]
[Result "1/2-1/2"]
[WhiteElo "2165"]
[BlackElo "2112"]
[WhiteTeam "Schachfreunde Leipzig 50+"]
[BlackTeam "SV Aufbau Bernburg"]
[WhiteFideId "24699772"]
[BlackFideId "4641698"]
[EventDate "2016.06.26"]

1. d4 Nf6 2. c4 c5 3. d5 b5 4. Nf3 g6 5. Qc2 d6 6. e4 bxc4 7. Bxc4 Bg7 8. O-O
O-O 9. h3 Ba6 10. Na3 Nfd7 11. Qe2 Bxc4 12. Nxc4 Nb6 13. Ne3 N8d7 14. Rb1 a5 15.
Ng4 Rb8 16. Bh6 Nf6 17. Bxg7 Kxg7 18. Qe3 Nxg4 19. hxg4 Qd7 20. g5 Kg8 21. Rfc1
f5 22. gxf6 exf6 23. Qc3 Qa4 24. Nd2 Qb4 25. Nc4 Nxc4 26. Qxc4 Rfe8 27. f3 f5
28. a3 Qd2 29. Qc3 Qxc3 30. bxc3 fxe4 31. fxe4 Rxb1 32. Rxb1 Rxe4 33. Rb6 Ra4
34. Rxd6 Rxa3 35. Ra6 Rxc3 36. Rxa5 c4 37. Ra7 Rd3 38. Rc7 Rxd5 39. Rxc4 Rf5 40.
Kh2 Kg7 41. Rc6 h5 42. g4 hxg4 43. Kg3 Rh5 44. Kxg4 Kh6 45. Rc4 1/2-1/2

[Event "World Senior Teams +50"]
[Site "Radebeul GER"]
[Date "2016.06.28"]
[Round "3.13"]
[Board "3"]
[White "Wagner, Bernd2"]
[Black "Teichgraeber, Michael"]
[Result "0-1"]
[WhiteElo "1935"]
[BlackElo "2081"]
[WhiteTeam "SV Aufbau Bernburg"]
[BlackTeam "Schachfreunde Leipzig 50+"]
[WhiteFideId "24601721"]
[BlackFideId "4683129"]
[EventDate "2016.06.26"]

1. d4 g6 2. c4 Bg7 3. Nc3 d6 4. Nf3 Nd7 5. e4 e5 6. d5 a5 7. Be2 Ne7 8. O-O O-O
9. Ne1 f5 10. Nd3 Nf6 11. f3 f4 12. c5 g5 13. Bd2 h5 14. Be1 Ng6 15. h3 Rf7 16.
Rc1 Bf8 17. Bf2 Rg7 18. cxd6 cxd6 19. b3 Bd7 20. Nb2 Ne7 21. Bb5 g4 22. Bxd7
Qxd7 23. hxg4 hxg4 24. Bh4 Ne8 25. Bxe7 Bxe7 26. fxg4 Bh4 27. Qf3 Rxg4 28. Qh3
Qg7 29. Rf3 Nf6 30. Nc4 Rd8 31. a4 Kf8 32. Nxa5 Rd7 33. Nc4 Qg6 34. Rc2 Ne8 35.
Re2 Rh7 36. Ne3 Bf2+ 37. Rexf2 Rxh3 38. Rxh3 Rg3 39. Rxg3 Qxg3 40. Ne2 Qxe3 0-1

[Event "World Senior Teams +50"]
[Site "Radebeul GER"]
[Date "2016.06.28"]
[Round "3.13"]
[Board "4"]
[White "Schober, Ralf"]
[Black "Winnig, Bernd"]
[Result "1/2-1/2"]
[WhiteElo "2029"]
[BlackElo "1999"]
[WhiteTeam "Schachfreunde Leipzig 50+"]
[BlackTeam "SV Aufbau Bernburg"]
[WhiteFideId "4673140"]
[BlackFideId "4673190"]
[EventDate "2016.06.26"]

1. Nf3 e6 2. d4 d5 3. e3 Nf6 4. Bd3 Nbd7 5. b3 Bb4+ 6. Nbd2 Bc3 7. Rb1 e5 8.
dxe5 Nxe5 9. Nxe5 Bxe5 10. h3 O-O 11. Nf3 Bc3+ 12. Bd2 Bxd2+ 13. Qxd2 Ne4 14.
Bxe4 dxe4 15. Qxd8 Rxd8 16. Nd2 f5 17. Ke2 Be6 18. Rbd1 Rd7 19. Nb1 Rad8 20. Nc3
a6 21. Na4 b6 22. Rxd7 Rxd7 23. Rd1 Rxd1 24. Kxd1 Bd7 25. Nc3 Bc6 26. Ne2 Kf7
27. Kd2 Kf6 28. h4 h6 29. a4 Bd7 30. Nf4 c6 31. Kc3 g5 32. hxg5+ hxg5 33. Nh3 c5
34. Ng1 f4 35. exf4 gxf4 36. Ne2 Ke5 37. Kd2 Bc6 38. g3 fxg3 39. fxg3 Be8 40.
Ke3 c4 41. Nc3 cxb3 42. cxb3 Bf7 43. b4 Bb3 44. a5 bxa5 45. bxa5 Bc2 46. g4 Bd3
47. Na2 Bc4 48. Nb4 Bb5 49. Na2 Bc4 50. Nc3 Bd3 51. Na4 Kd5 52. g5 Ke5 53. Nc5
Kf5 54. g6 Kxg6 55. Nxa6 Bxa6 56. Kxe4 1/2-1/2

[Event "World Senior Teams +50"]
[Site "Radebeul GER"]
[Date "2016.06.28"]
[Round "3.14"]
[Board "1"]
[White "Wuttke, Hans"]
[Black "Blodig, Reinhard"]
[Result "1-0"]
[WhiteElo "2140"]
[BlackElo "2114"]
[WhiteTeam "Empor Potsdam"]
[BlackTeam "Stoertebeker"]
[WhiteFideId "4636120"]
[BlackFideId "4607597"]
[EventDate "2016.06.26"]

1. c4 e5 2. g3 Nf6 3. Bg2 Nc6 4. Nc3 Bb4 5. Nd5 Nxd5 6. cxd5 Ne7 7. a3 Bd6 8. d4
O-O 9. dxe5 Bxe5 10. Nf3 d6 11. Nxe5 dxe5 12. O-O c6 13. dxc6 Nxc6 14. Be3 Be6
15. b4 f5 16. Qa4 Nd4 17. Bxd4 Qxd4 18. Bxb7 Rad8 19. Bg2 Qb6 20. Rfd1 e4 21.
Rxd8 Rxd8 22. e3 Kf7 23. Bf1 g5 24. Rc1 Rd6 25. Qc2 Qd8 26. Qc7+ Qxc7 27. Rxc7+
Rd7 28. Rc5 Kf6 29. Kg2 Rd5 30. Rc6 Ke7 31. Ra6 Rd7 32. a4 Bb3 33. Be2 g4 34. a5
Rc7 35. b5 Be6 36. b6 axb6 37. Rxb6 Rc2 38. Bf1 Bc4 39. Rb7+ Kf6 40. Bxc4 Rxc4
41. Rxh7 Ra4 42. a6 Kg6 43. Ra7 Ra1 44. Ra8 Kg7 45. h3 gxh3+ 46. Kxh3 Rh1+ 47.
Kg2 Ra1 48. g4 fxg4 49. a7 1-0

[Event "World Senior Teams +50"]
[Site "Radebeul GER"]
[Date "2016.06.28"]
[Round "3.14"]
[Board "2"]
[White "Grabitz, Georg"]
[Black "Jeske, Eckhard"]
[Result "0-1"]
[WhiteElo "2031"]
[BlackElo "2171"]
[WhiteTeam "Stoertebeker"]
[BlackTeam "Empor Potsdam"]
[WhiteFideId "4694619"]
[BlackFideId "4641485"]
[EventDate "2016.06.26"]

1. e4 c6 2. d4 g6 3. c3 d5 4. exd5 cxd5 5. Bd3 Nf6 6. Bf4 Nc6 7. Nd2 Bg7 8. Ngf3
Bg4 9. Qb3 Na5 10. Qc2 Bxf3 11. Nxf3 O-O 12. O-O Rc8 13. Rae1 Nc6 14. Qd2 e6 15.
Bh6 Rb8 16. Bxg7 Kxg7 17. Ne5 Nxe5 18. dxe5 Ng8 19. Re3 b5 20. Bb1 a5 21. a3 Qe7
22. b4 Rfd8 23. Qd4 Rdc8 24. Bd3 Qc7 25. Rc1 Qd8 26. Qf4 Rb7 27. Rf3 axb4 28.
axb4 Qd7 29. h4 Rbc7 30. Qd4 h5 31. g4 hxg4 32. Qxg4 Nh6 33. Qd4 Nf5 34. Bxf5
Rc4 35. Qb6 exf5 36. Qf6+ Kg8 37. Re1 R8c6 38. e6 Rxe6 39. Rxe6 Qxe6 40. Qd8+
Kg7 41. Re3 Qf6 42. Qxd5 Qxh4 43. Qe5+ Kh7 44. Rg3 Re4 0-1

[Event "World Senior Teams +50"]
[Site "Radebeul GER"]
[Date "2016.06.28"]
[Round "3.14"]
[Board "3"]
[White "Schulz, Michael1"]
[Black "Gerhardt, Peter-Michael"]
[Result "1/2-1/2"]
[WhiteTitle "FM"]
[WhiteElo "2127"]
[BlackElo "2026"]
[WhiteTeam "Empor Potsdam"]
[BlackTeam "Stoertebeker"]
[WhiteFideId "4616731"]
[BlackFideId "4638379"]
[EventDate "2016.06.26"]

1. d4 g6 2. e4 d6 3. Nc3 Bg7 4. Be2 e6 5. Be3 Nd7 6. Qd2 a6 7. a4 Ne7 8. Nf3 O-O
9. O-O b6 10. Bh6 Bb7 11. Bxg7 Kxg7 12. Ng5 h6 13. Nh3 f5 14. Nf4 Rf6 15. d5 Nf8
16. exf5 Nxf5 17. Ne4 e5 18. Nxf6 Qxf6 19. Nh3 Nd7 20. f4 e4 21. Bg4 Qxb2 22.
Rab1 Qf6 23. a5 b5 24. c4 Nc5 25. cxb5 axb5 26. Bxf5 gxf5 27. Rfc1 Qf7 28. Qd4+
Qf6 29. Qd2 Qf7 30. Rxb5 Bxd5 31. Nf2 c6 32. Rbxc5 dxc5 33. Qb2+ Kg6 34. Rxc5
Qc7 35. Rc3 Rxa5 36. Rg3+ Kh7 37. Qf6 Qf7 38. Qe5 Rb5 39. h3 Rb3 40. Rxb3 Bxb3
41. g4 Be6 42. Kh2 Qa7 43. Kg2 Qd7 44. Kg3 Qd5 45. Qf6 e3 46. Qe7+ Kg8 47. Qe8+
Kg7 48. Qe7+ Kg8 49. Qe8+ Kg7 1/2-1/2

[Event "World Senior Teams +50"]
[Site "Radebeul GER"]
[Date "2016.06.28"]
[Round "3.15"]
[Board "1"]
[White "Schultheis, Heinz"]
[Black "Scheuermann, Bernhard"]
[Result "1-0"]
[WhiteElo "2114"]
[BlackElo "2229"]
[WhiteTeam "Schachfreunde Zeitz"]
[BlackTeam "SV Dresden-Striesen 1990 e.V."]
[WhiteFideId "16212037"]
[BlackFideId "16203283"]
[EventDate "2016.06.26"]

1. d4 Nf6 2. c4 g6 3. Nc3 d5 4. cxd5 Nxd5 5. e4 Nxc3 6. bxc3 Bg7 7. Bc4 c5 8.
Ne2 Nc6 9. Be3 O-O 10. O-O Na5 11. Bd3 cxd4 12. cxd4 b6 13. Rc1 e6 14. Qd2 Bb7
15. Bh6 Qd7 16. Bxg7 Kxg7 17. Qf4 Rac8 18. h4 f6 19. h5 Nc6 20. Qe3 Rfd8 21. Bb5
a6 22. Bxc6 Bxc6 23. Rfd1 Ba4 24. Re1 Bb5 25. Nf4 g5 26. Rxc8 Rxc8 27. h6+ Kf7
28. Nh3 Qc7 29. Qf3 Kg6 30. e5 f5 31. Qg3 Qe7 32. d5 exd5 33. Nf4+ Kxh6 34. Qh3+
Kg7 35. Qxf5 Bd7 36. Qf6+ Qxf6 37. exf6+ Kxf6 38. Nxd5+ Kf5 39. Ne7+ Kf6 40.
Nd5+ Kf5 41. g4+ Kg6 42. Ne7+ Kf6 43. Nxc8 Bxc8 44. f3 Be6 45. a3 Ke7 46. Kf2 b5
47. Rh1 a5 48. Rxh7+ Kd6 49. Rh5 Kc5 50. Rxg5+ Kc4 51. Re5 Bf7 1-0

[Event "World Senior Teams +50"]
[Site "Radebeul GER"]
[Date "2016.06.28"]
[Round "3.15"]
[Board "2"]
[White "Arenhoevel, Mark"]
[Black "Just, Joachim"]
[Result "1/2-1/2"]
[WhiteElo "2090"]
[BlackElo "1926"]
[WhiteTeam "SV Dresden-Striesen 1990 e.V."]
[BlackTeam "Schachfreunde Zeitz"]
[WhiteFideId "4684540"]
[BlackFideId "4648102"]
[EventDate "2016.06.26"]

1. c4 g6 2. Nc3 Bg7 3. g3 c6 4. Bg2 Nf6 5. e4 d6 6. Nge2 e5 7. O-O Na6 8. d4 O-O
9. h3 exd4 10. Nxd4 Nc5 11. Nb3 Be6 12. Qe2 Nfd7 13. Nxc5 dxc5 14. Bd2 Qe7 1/2-1/2

[Event "World Senior Teams +50"]
[Site "Radebeul GER"]
[Date "2016.06.28"]
[Round "3.15"]
[Board "3"]
[White "Wilke, Frank"]
[Black "Siegmund, Rainer"]
[Result "1/2-1/2"]
[WhiteElo "1920"]
[BlackElo "2087"]
[WhiteTeam "Schachfreunde Zeitz"]
[BlackTeam "SV Dresden-Striesen 1990 e.V."]
[WhiteFideId "16219210"]
[BlackFideId "4614321"]
[EventDate "2016.06.26"]

1. d4 Nf6 2. c4 e6 3. a3 d5 4. e3 Be7 5. Nc3 O-O 6. cxd5 exd5 7. Bd3 c6 8. Nge2
Re8 9. Qc2 Nbd7 10. Bd2 Nf8 11. O-O Bd6 12. Ng3 Be6 13. Nce2 Rc8 14. Rac1 Qc7
15. Rfe1 Qb8 16. b4 Bd7 17. f3 Bc7 1/2-1/2

[Event "World Senior Teams +50"]
[Site "Radebeul GER"]
[Date "2016.06.28"]
[Round "3.15"]
[Board "4"]
[White "Glasewald, Stefan"]
[Black "Just, Fred"]
[Result "1/2-1/2"]
[WhiteElo "2045"]
[BlackElo "2152"]
[WhiteTeam "SV Dresden-Striesen 1990 e.V."]
[BlackTeam "Schachfreunde Zeitz"]
[WhiteFideId "4656504"]
[BlackFideId "4643097"]
[EventDate "2016.06.26"]

1. d4 d5 2. Nc3 Nf6 3. Bg5 Nbd7 4. Nf3 e6 5. e4 dxe4 6. Nxe4 Be7 7. Nxf6+ Bxf6
8. Qd2 Bxg5 9. Qxg5 Qxg5 10. Nxg5 Nf6 11. Bd3 Bd7 12. O-O Bc6 13. Rfe1 Rd8 14.
c3 O-O 15. Ne4 Nd5 16. Nd2 Rfe8 17. Nc4 Nf4 18. Bf1 Bb5 19. g3 Bxc4 20. Bxc4 Nd5
21. Bxd5 Rxd5 22. f4 c5 23. dxc5 Rxc5 24. Rad1 Rec8 25. Rd7 R5c7 26. Red1 Kf8
27. Kf2 1/2-1/2

[Event "World Senior Teams +50"]
[Site "Radebeul GER"]
[Date "2016.06.28"]
[Round "3.16"]
[Board "1"]
[White "Becker, Marco"]
[Black "Krebs, Johann"]
[Result "0-1"]
[BlackTitle "FM"]
[WhiteElo "1987"]
[BlackElo "2273"]
[WhiteTeam "SV Horst-Emscher"]
[BlackTeam "Graz"]
[WhiteFideId "24601993"]
[BlackFideId "1603590"]
[EventDate "2016.06.26"]

1. e4 c5 2. c3 d5 3. exd5 Qxd5 4. d4 Nf6 5. Nf3 Nc6 6. Be2 Bf5 7. c4 Qd6 8. d5
Nb4 9. Na3 a6 10. O-O h6 11. Ne1 e6 12. Qa4+ Qd7 13. Qxd7+ Kxd7 14. dxe6+ Kxe6
15. Bf3 Rb8 16. g3 Bd6 17. Ng2 Kd7 18. Bf4 Bxf4 19. Nxf4 Rhd8 20. Rfe1 Kc7 21.
Re5 Bg4 22. Bxg4 Nxg4 23. Rxc5+ Kb6 24. Rf5 Rd7 25. c5+ Kc7 26. Ng2 Rbd8 27. Re1
Nd3 28. Rf1 Nxb2 29. h3 Nf6 30. Ne3 Re7 31. Rb1 Rd2 32. Rf4 Re4 33. Rf3 Kc6 34.
Nf1 Rd3 35. Rf5 Na4 36. Nc2 a5 37. f3 Re2 38. Rc1 Kc7 39. c6 Rc3 40. cxb7 Rcxc2
41. Rb5 Nd7 42. Rd1 Ndb6 43. Rdb1 Kxb7 44. Rxa5 Rxa2 45. Rd5 Kc6 46. Rf5 f6 47.
Rc1+ Kd6 48. Rd1+ Ke6 49. Rb5 Nc4 50. f4 Nd2 51. Nxd2 Raxd2 52. Rxd2 Rxd2 53.
Rb7 Kf5 54. Rb5+ Ke4 55. Rb1 Nc5 56. Rf1 Ke3 57. f5 Nd3 58. Ra1 Kf3 0-1

[Event "World Senior Teams +50"]
[Site "Radebeul GER"]
[Date "2016.06.28"]
[Round "3.16"]
[Board "2"]
[White "Wegerer, Fred"]
[Black "Arndt, Olaf"]
[Result "0-1"]
[WhiteTitle "FM"]
[WhiteElo "2110"]
[BlackElo "2019"]
[WhiteTeam "Graz"]
[BlackTeam "SV Horst-Emscher"]
[WhiteFideId "1601113"]
[BlackFideId "4655907"]
[EventDate "2016.06.26"]

1. e4 d5 2. exd5 Nf6 3. d4 Nxd5 4. Be2 g6 5. c4 Nf6 6. Nc3 Bg7 7. Nf3 O-O 8. O-O
Bg4 9. Be3 c6 10. Qb3 Qc7 11. Rfd1 Nbd7 12. h3 Bxf3 13. Bxf3 Rfd8 14. a4 a5 15.
Rac1 Ne8 16. c5 Nef6 17. Ne2 e5 18. g3 h6 19. Bg2 Bf8 20. dxe5 Nxe5 21. Nf4 g5
22. Ne2 Rxd1+ 23. Rxd1 Ned7 24. Rc1 Re8 25. g4 Ne4 26. Rc4 Nexc5 27. Qc2 Ne6 28.
Ng3 Ng7 29. b3 Rxe3 30. fxe3 Qxg3 31. Qf2 Qxf2+ 32. Kxf2 Bc5 33. Be4 Ba7 34. Ke2
Nc5 35. Bc2 Nge6 36. Kf3 b5 37. axb5 cxb5 38. Rc3 Bb8 39. Bd1 Be5 40. Rc1 Kf8
41. Bc2 a4 42. bxa4 bxa4 43. Bb1 Ke7 44. Rc4 a3 45. Rb4 Kd7 46. Ba2 Kc6 47. Ke2
f6 48. Kd2 Bb2 49. Kc2 Kd6 50. Rb5 Nc7 51. Rb8 N7a6 52. Rb5 Ke5 53. Bc4 Ke4 54.
Rb6 Kxe3 55. Bxa6 Nxa6 56. Rxa6 Kf4 57. Kd3 Kg3 58. Ke4 Kxh3 59. Kf5 Kh4 60. Ra8
Kg3 61. Ra6 Kf3 62. Ra8 Ke3 63. Kg6 Kd3 64. Kxh6 Kc2 65. Kg6 Kb1 66. Rxa3 Bxa3
67. Kxf6 Bc1 0-1

[Event "World Senior Teams +50"]
[Site "Radebeul GER"]
[Date "2016.06.28"]
[Round "3.16"]
[Board "3"]
[White "Goeldenboog, Juergen"]
[Black "Kainz, Josef"]
[Result "1/2-1/2"]
[WhiteElo "1979"]
[BlackElo "1877"]
[WhiteTeam "SV Horst-Emscher"]
[BlackTeam "Graz"]
[WhiteFideId "4634004"]
[BlackFideId "1613030"]
[EventDate "2016.06.26"]

1. d4 Nf6 2. c4 g6 3. Nc3 d5 4. Nf3 Bg7 5. Qb3 dxc4 6. Qxc4 a6 7. Bf4 b5 8. Qxc7
Qxc7 9. Bxc7 Bb7 10. e3 O-O 11. Be2 Rc8 12. Bxb8 Raxb8 13. O-O Rc7 14. a3 Rbc8
15. Rac1 Nd5 16. Nxd5 Bxd5 17. Rxc7 Rxc7 18. Bd3 Bxf3 19. gxf3 e6 20. Ra1 Rc6
21. Kf1 f5 22. Ke2 Kf7 23. Kd2 Ke7 24. a4 b4 25. a5 Kd6 26. f4 Bf6 27. b3 h6 28.
Bc4 g5 29. fxg5 hxg5 30. Kd3 Bd8 31. Ra4 Bc7 32. h3 e5 33. Rxb4 exd4 34. exd4
Bxa5 35. Ra4 Be1 36. d5 Rb6 37. Ke2 Bc3 38. Kd3 Be1 39. Ra2 a5 40. Re2 Bb4 41.
Re6+ Kc7 42. Re5 Rf6 43. Re6 Rxe6 1/2-1/2